Historic County Towns of Northern Ireland - Statistics

General Stats
  • This quiz has been taken 28 times
  • The average score is 4 of 6
Answer Stats
County Answer % Correct
County Antrim Antrim
88%
County Armagh Armagh
83%
County Tyrone Omagh
79%
County Fermanagh Enniskillen
67%
County Londonderry Coleraine
54%
County Down Downpatrick
54%
No matching quizzes found
Score Distribution
Percent of People with Each Score
Percentile by Number Answered
Your Score History
You have not taken this quiz